[Event "Tatry op"]
[Site "Tatranska Lomnica"]
[Date "2017.10.10"]
[Round "4"]
[White "Kernazhitsky, Leonid"]
[Black "Tichy, Stepan"]
[Result "1/2-1/2"]
[WhiteElo "2270"]
[BlackElo "2197"]
[PlyCount "154"]
[EventDate "2017.10.08"]
[EventType "swiss"]
[EventRounds "9"]
[EventCountry "SVK"]
[SourceTitle "CBM 181 Extra"]
[Source "ChessBase"]
[SourceDate "2017.12.12"]
[SourceVersion "1"]
[SourceVersionDate "2017.12.12"]
[SourceQuality "1"]

1. e4 e6 2. d4 d5 3. e5 c5 4. c3 Qb6 5. Nf3 Bd7 6. Na3 cxd4 7. cxd4 Nc6 8. Be2 Bb4+ 9. Kf1 Be7 10. Nc2 Rc8 11. h4 Nb4 12. Nxb4 Qxb4 13. a4 Nh6 14. b3 Qc3 15. Bd2 Qc2 16. Qxc2 Rxc2 17. Bd1 Rc7 18. Ke2 Ng4 19. Ne1 h5 20. Nd3 Nh6 21. Bxh6 Rxh6 22. Rc1 Rxc1 23. Nxc1 Rh8 24. Kd3 f5 25. Ne2 Kf7 26. Bc2 Rc8 27. g3 b5 28. Nc3 a6 29. Ra1 bxa4 30. bxa4 Bb4 31. Na2 Ba5 32. Rb1 Rc7 33. Bd1 g6 34. Rb8 Rc8 35. Rb7 Rc7 36. Rxc7 Bxc7 37. Nb4 a5 38. Na6 Bb6 39. Kc3 Ke7 40. Nc5 Kd8 41. Nd3 Ke7 42. Nf4 Kf7 43. Nh3 Bd8 44. Kb3 Be7 45. Be2 Bb4 46. Nf4 Bd2 47. Nd3 Ke7 48. Kc2 Bb4 49. Nxb4 Bxa4+ 50. Kc3 axb4+ 51. Kxb4 Bc2 52. Kc3 Ba4 53. Kd2 Kf7 54. Ke3 Bc2 55. Kf4 Bb1 56. Kg5 Bc2 57. Kh6 Bb1 58. Bb5 Bc2 59. Be2 Bb1 60. Kg5 Bc2 61. Kf4 Bb1 62. Bd1 Bd3 63. Ke3 Bc4 64. Bc2 Bb5 65. Bd1 Bc4 66. f3 Ba2 67. Bc2 Bc4 68. Bd1 Ba2 69. Be2 Bb3 70. g4 fxg4 71. fxg4 hxg4 72. Kf4 Bc2 73. Bxg4 Bf5 74. Bf3 Bd3 75. Bg2 Bc2 76. Kg5 Bd3 77. Bf3 Bc2 1/2-1/2

[Event "Pardubice Czech op-B 28th"]
[Site "Pardubice"]
[Date "2017.07.28"]
[Round "8"]
[White "Malivanek, Jiri"]
[Black "Tichy, Stepan"]
[Result "0-1"]
[WhiteElo "2070"]
[BlackElo "2190"]
[PlyCount "84"]
[EventDate "2017.07.21"]
[EventType "swiss"]
[EventRounds "9"]
[EventCountry "CZE"]
[SourceTitle "CBM 179 Extra"]
[Source "ChessBase"]
[SourceDate "2017.08.23"]
[SourceVersion "1"]
[SourceVersionDate "2017.08.23"]
[SourceQuality "1"]

1. e4 e6 2. d4 d5 3. Nc3 Nf6 4. exd5 exd5 5. Bg5 Be7 6. Bd3 Nc6 7. Nge2 Nb4 8. Bb5+ c6 9. Ba4 b5 10. Bb3 a5 11. a4 bxa4 12. Nxa4 h6 13. Bh4 0-0 14. 0-0 Bf5 15. c3 Na6 16. Bc2 Bxc2 17. Qxc2 Nd7 18. Bxe7 Qxe7 19. Nf4 Rfe8 20. Qd2 Nc7 21. Nd3 Ne6 22. Rfe1 Qd6 23. Re2 Reb8 24. f4 Nf6 25. Nac5 Nxc5 26. Nxc5 Nd7 27. Nxd7 Qxd7 28. Rae1 Rb7 29. Qd3 Rab8 30. f5 Qd8 31. Qa6 Qf6 32. g3 Kh7 33. Qxa5 Rxb2 34. Qc7 Rxe2 35. Rxe2 Rb1+ 36. Kg2 Qxf5 37. Qf4 Qxf4 38. gxf4 Rc1 39. Re3 Kg6 40. Kg3 f6 41. Kg4 h5+ 42. Kf3 Kf5 0-1

[Event "Pardubice op rapid 28th"]
[Site "Pardubice"]
[Date "2017.07.20"]
[Round "8"]
[White "Tichy, Stepan"]
[Black "Matviishen, Viktor"]
[Result "0-1"]
[WhiteElo "2190"]
[BlackElo "2404"]
[PlyCount "94"]
[EventDate "2017.07.19"]
[EventType "swiss (rapid)"]
[EventRounds "9"]
[EventCountry "CZE"]
[SourceTitle "CBM 179 Extra"]
[Source "ChessBase"]
[SourceDate "2017.08.23"]
[SourceVersion "1"]
[SourceVersionDate "2017.08.23"]
[SourceQuality "1"]

1. d4 Nf6 2. Bf4 e6 3. e3 b6 4. Nf3 Bb7 5. c3 c5 6. Nbd2 Be7 7. Bd3 d5 8. Bxb8 Rxb8 9. Qa4+ Kf8 10. Qxa7 Bc6 11. Ne5 Be8 12. 0-0 Bd6 13. f4 g6 14. a4 c4 15. Bxc4 dxc4 16. Ndxc4 Bc7 17. b4 Ne4 18. a5 b5 19. Nb2 f6 20. d5 exd5 21. Nf3 Ra8 22. Qd4 Bc6 23. Rad1 Qe7 24. Nd3 Kg7 25. g4 Bb8 26. g5 Ba7 27. Nc5 Rhf8 28. gxf6+ Rxf6 29. Ne5 Bxc5 30. bxc5 Qxc5 31. Nxc6 Qxc6 32. Qxd5 Qxd5 33. Rxd5 Rxa5 34. c4 Rf5 35. Rd7+ Kh6 36. cxb5 Raxb5 37. Rf3 Rb1+ 38. Kg2 Rb2+ 39. Kg1 Nf6 40. Rh3+ Rh5 41. Rxh5+ Kxh5 42. Rf7 Rb6 43. e4 Nxe4 44. f5 Ng5 45. Rf8 Rb1+ 46. Kg2 Rb2+ 47. Kg1 Nh3+ 0-1

[Event "Pardubice op rapid 28th"]
[Site "Pardubice"]
[Date "2017.07.19"]
[Round "1"]
[White "Sundararajan, Kidambi"]
[Black "Tichy, Stepan"]
[Result "1-0"]
[WhiteElo "2444"]
[BlackElo "2190"]
[PlyCount "79"]
[EventDate "2017.07.19"]
[EventType "swiss (rapid)"]
[EventRounds "9"]
[EventCountry "CZE"]
[SourceTitle "CBM 179 Extra"]
[Source "ChessBase"]
[SourceDate "2017.08.23"]
[SourceVersion "1"]
[SourceVersionDate "2017.08.23"]
[SourceQuality "1"]

1. e4 e6 2. d4 d5 3. Bd3 dxe4 4. Bxe4 Nf6 5. Bf3 c5 6. Ne2 Nc6 7. Be3 e5 8. Bxc6+ bxc6 9. dxe5 Qxd1+ 10. Kxd1 Ng4 11. Nd2 Nxe5 12. h3 Ba6 13. Nc3 0-0-0 14. Kc1 Nc4 15. Nxc4 Bxc4 16. Na4 Bd5 17. Rg1 c4 18. Bxa7 Kb7 19. Be3 Bd6 20. Nc3 Be5 21. Nxd5 cxd5 22. c3 d4 23. cxd4 Bxd4 24. Bxd4 Rxd4 25. Kc2 Re8 26. Rge1 Rde4 27. Kd2 Rd8+ 28. Kc3 Rd3+ 29. Kc2 Rf4 30. f3 Rd6 31. Rad1 Rg6 32. Rd2 Kc6 33. Kc3 h5 34. Re5 h4 35. Kb4 Kb6 36. Rb5+ Ka6 37. Rc5 Rb6+ 38. Kc3 Re6 39. Rxc4 Re3+ 40. Kb4 1-0

[Event "CZE-chT2A 1617"]
[Site "Czech Republic"]
[Date "2017.02.12"]
[Round "8.6"]
[White "Pick, Stepan"]
[Black "Tichy, Stepan"]
[Result "1/2-1/2"]
[WhiteElo "2055"]
[BlackElo "2201"]
[PlyCount "41"]
[EventDate "2016.10.09"]
[EventType "team-tourn"]
[EventRounds "11"]
[EventCountry "CZE"]
[SourceTitle "EXT 2022"]
[Source "ChessBase"]
[SourceDate "2021.10.06"]
[SourceVersion "1"]
[SourceVersionDate "2021.10.06"]
[SourceQuality "1"]
[WhiteTeam "Pankrac II"]
[BlackTeam "Karlovy Vary Tietz"]
[WhiteTeamCountry "CZE"]
[BlackTeamCountry "CZE"]

1. Nf3 b6 2. d4 Bb7 3. g3 Nf6 4. Bg2 e6 5. 0-0 Be7 6. c4 0-0 7. Nc3 Ne4 8. Bd2 d6 9. d5 Nxd2 10. Nxd2 e5 11. f4 exf4 12. gxf4 f5 13. Nf3 Bf6 14. Nd4 Bxd4+ 15. Qxd4 Nd7 16. e4 fxe4 17. Nxe4 Nc5 18. Rae1 Nxe4 19. Rxe4 Qf6 20. Qxf6 Rxf6 21. Bh3 1/2-1/2

[Event "Pardubice Czech op-B 27th"]
[Site "Pardubice"]
[Date "2016.07.28"]
[Round "7"]
[White "Tichy, Stepan"]
[Black "Moroder, Stefan"]
[Result "1/2-1/2"]
[WhiteElo "2176"]
[BlackElo "2209"]
[PlyCount "83"]
[EventDate "2016.07.22"]
[EventType "swiss"]
[EventRounds "9"]
[EventCountry "CZE"]
[SourceTitle "CBM 173 Extra"]
[Source "ChessBase"]
[SourceDate "2016.08.29"]
[SourceVersion "1"]
[SourceVersionDate "2016.08.29"]
[SourceQuality "1"]

1. d4 Nf6 2. c4 g6 3. g3 Bg7 4. Bg2 0-0 5. Nf3 d6 6. 0-0 Nbd7 7. Nc3 e5 8. e4 c6 9. Re1 exd4 10. Nxd4 Ne5 11. b3 a5 12. h3 a4 13. f4 Qb6 14. fxe5 dxe5 15. Nxa4 Rxa4 16. bxa4 exd4 17. Qb3 Qa7 18. Rb1 Nd7 19. Ba3 Re8 20. Kh2 Be5 21. Rf1 h5 22. Qf3 f6 23. Kh1 Qxa4 24. Rb4 Qa5 25. Rfb1 Qc7 26. R4b3 Kg7 27. c5 Nf8 28. h4 Re7 29. Bf1 Bg4 30. Qg2 Be6 31. Rxb7 Qxb7 32. Rxb7 Rxb7 33. Bc1 Nd7 34. Qd2 Kf7 35. Qh6 Rb1 36. Kg2 Nf8 37. Bf4 Rb2+ 38. Kg1 Rxa2 39. Bxe5 fxe5 40. Qh8 Ra1 41. Kf2 Nd7 42. Qh7+ 1/2-1/2